Central Library OPAC University of Rajshahi

The avoidable war : (Record no. 86306)

MARC details
000 -LEADER
fixed length control field 02382nam a2200493 a 4500
001 - CONTROL NUMBER
control field 86306
003 - CONTROL NUMBER IDENTIFIER
rucl marc code BD-RjUL
005 - DATE AND TIME OF LATEST TRANSACTION
control field 20260402120914.0
008 - FIXED-LENGTH DATA ELEMENTS--GENERAL INFORMATION
fixed length control field 260402t20222022nyu 001 0 eng d
020 ## - INTERNATIONAL STANDARD BOOK NUMBER
International Standard Book Number 9781541701298
Qualifying information (hardcover)
International Standard Book Number 1541701291
Qualifying information (hardcover)
Canceled/invalid ISBN 9781541701304
Qualifying information (ebook)
035 ## - SYSTEM CONTROL NUMBER
System control number (BD-RjUL)86306
040 ## - CATALOGING SOURCE
Original cataloging agency IG$
Language of cataloging eng
Description conventions rda
Transcribing agency IG$
Modifying agency OJ4
-- DLC
-- BD-RjUL
041 ## - LANGUAGE CODE
Language code of text/sound track or separate title eng
082 04 - DEWEY DECIMAL CLASSIFICATION NUMBER
Edition number 23
Classification number 327.73051
Author mark and year RUA 2022
100 1# - MAIN ENTRY--PERSONAL NAME
Personal name Rudd, Kevin,
Dates associated with a name 1957-
Relator term author.
Relator code aut
9 (RLIN) 17983
245 14 - TITLE STATEMENT
Title The avoidable war :
Remainder of title the dangers of a catastrophic conflict between the US and Xi Jinping's China /
Statement of responsibility, etc. Kevin Rudd.
246 30 - VARYING FORM OF TITLE
Title proper/short title Dangers of a catastrophic conflict between the US and Xi Jinping's China
250 ## - EDITION STATEMENT
Edition statement First edition.
264 #1 - PRODUCTION, PUBLICATION, DISTRIBUTION, MANUFACTURE, AND COPYRIGHT NOTICE
Place of production, publication, distribution, manufacture New York :
Name of producer, publisher, distributor, manufacturer PublicAffairs,
Date of production, publication, distribution, manufacture, or copyright notice 2022.
Date of production, publication, distribution, manufacture, or copyright notice ©2022
300 ## - PHYSICAL DESCRIPTION
Pagination viii, 420 pages ;
Size 25 cm
336 ## - CONTENT TYPE
Content type term text
Content type code txt
Source rdacontent
337 ## - MEDIA TYPE
Media type term unmediated
Media type code n
Source rdamedia
338 ## - CARRIER TYPE
Carrier type term volume
Carrier type code nc
Source rdacarrier
386 ## - CREATOR/CONTRIBUTOR CHARACTERISTICS
Creator/contributor term Men
Source lcdgt
Creator/contributor term Australians
Source lcdgt
Creator/contributor term Prime ministers
Source lcdgt
500 ## - GENERAL NOTE
General note Includes index.
520 ## - SUMMARY, ETC.
Summary, etc. "A war between China and the US would be catastrophic, deadly, and destructive. Unfortunately, it is no longer unthinkable. The relationship between the US and China, the world's two superpowers, is peculiarly volatile. It rests on a seismic fault--of cultural misunderstanding, historical grievance, and ideological incompatibility. No other nations are so quick to offend and be offended. Their militaries play a dangerous game of chicken, corporations steal intellectual property, intelligence satellites peer, and AI technicians plot. The capacity for either country to cross a fatal line grows daily"--
650 #7 - SUBJECT ADDED ENTRY--TOPICAL TERM
Topical term or geographic name as entry element International relations.
Topical term or geographic name as entry element Diplomatic relations.
Topical term or geographic name as entry element Economic policy.
Topical term or geographic name as entry element Geopolitics.
Topical term or geographic name as entry element National security.
Source of heading or term fast
Authority record control number (OCoLC)fst01033711
9 (RLIN) 17984
651 #0 - SUBJECT ADDED ENTRY--GEOGRAPHIC NAME
Geographic name United States
General subdivision Foreign relations
Geographic subdivision China.
9 (RLIN) 17985
Geographic name China
General subdivision Foreign relations
Geographic subdivision United States.
9 (RLIN) 17986
Geographic name États-Unis
General subdivision Relations extérieures
Geographic subdivision Chine
Chronological subdivision 21e siècle.
9 (RLIN) 17987
Geographic name Chine
General subdivision Relations extérieures
Geographic subdivision États-Unis
Chronological subdivision 21e siècle.
9 (RLIN) 17988
Geographic name China.
Source of heading or term fast
Authority record control number (OCoLC)fst01206073
Geographic name United States.
Source of heading or term fast
Authority record control number (OCoLC)fst01204155
942 ## - ADDED ENTRY ELEMENTS (KOHA)
Source of classification or shelving scheme Dewey Decimal Classification
Koha item type Books
Holdings
Lost status Source of classification or shelving scheme Damaged status Not for loan Collection code Permanent Location Current Location Shelving location Date acquired Source of acquisition Cost, normal purchase price Total Checkouts Full call number Date last seen Copy number Koha item type
  Dewey Decimal Classification   Not For Loan Non-fiction Central Library, University of Rajshahi Central Library, University of Rajshahi Reading Room 01/04/2026 International Book Distributor, Dhaka 5000.00   327.73051 RUA 2022 02/04/2026 C-1 Books
  Dewey Decimal Classification     Non-fiction Central Library, University of Rajshahi Central Library, University of Rajshahi General Stacks 01/04/2026 International Book Distributor, Dhaka 5000.00   327.73051 RUA 2022 02/04/2026 C-2 Books
  Dewey Decimal Classification     Non-fiction Central Library, University of Rajshahi Central Library, University of Rajshahi General Stacks 01/04/2026 International Book Distributor, Dhaka 5000.00   327.73051 RUA 2022 02/04/2026 C-3 Books